The Church is Charismatic (Record no. 20085)

MARC details
000 -LEADER
fixed length control field 00279nam a22001337a 4500
020 ## - INTERNATIONAL STANDARD BOOK NUMBER
ISBN 2825406732
082 ## - DEWEY DECIMAL CLASSIFICATION NUMBER
Classification number 266 BIT
100 ## - MAIN ENTRY--AUTHOR NAME
Author name Bittlinger Arnold
245 ## - TITLE STATEMENT
Title The Church is Charismatic
260 ## - PUBLICATION, DISTRIBUTION, ETC. (IMPRINT)
Place of publication Geneva
Name of publisher WCC
Year of publication 1981
300 ## - PHYSICAL DESCRIPTION
Number of Pages 241
650 ## - SUBJECT ADDED ENTRY--TOPICAL TERM
Topical Term Mission
942 ## - ADDED ENTRY ELEMENTS (KOHA)
Koha item type Books
Holdings
Home library Current library Date acquired Source of acquisition Cost, normal purchase price Full call number Accession Number Koha item type
Henry Martyn Institute Library Henry Martyn Institute Library 04/20/2016 Mr Christoph Wildfang 0.00 266 BIT 11-3383 Books
                   Copyright © 2026 | Henry Martyn Institute | Hyderabad | TS-500052 | INDIA | Implemented by hmi.edu.in
Hit-Count:

Powered by Koha